Statistics for Countries With The Most McDonalds Restaurants.

Click here to take the quiz!

General Stats

  • This quiz has been taken 79 times
    (51 since last reset)
  • The average score is 12 of 15

Answer Stats

Number Country % Correct
1United States
100%
7France
93%
8China
91%
15Russia
89%
5Canada
89%
13Mexico
87%
2Japan
87%
6Germany
85%
3United Kingdom
83%
12Italy
78%
9Australia
78%
11Spain
78%
4Brazil
72%
10South Korea
54%
14Philippines
28%

Score Distribution

Percentile by Number Answered

Percent of People with Each Score

Your Score History

You have not taken this quiz since the last reset